000 00926nam a22002897a 4500
001 BR9503131
003 BR-BrBNA
005 20230928094519.0
007 ta
008 230509b bl.||||| |||| 00| 0 por d
040 _aBR-BrBNA
_bpor
_cBiblioteca Nacional de Agricultura
041 _a(Por)
072 _aF63
_b2390
090 _ 2390 BR9503131
100 1 _aAndrade, B.M. de
110 1 _aEscola Superior de Agricultura de Lavras, MG (Brasil)
_0Tese (Mestre em Genetica e Melhoramento de Plantas)
245 1 _aSistema reprodutivo e biologia floral de Xylopia brasiliensis Spreg., em Lavras, MG (Brazil)
260 3 _aLavras, MG (Brasil):
_c1993.
300 _a55 p.
500 _a5 tables; 49 ref.; Summaries (Eng, Por)
650 _aPindaiba
650 _aCaracteristicas Agronomicas
650 _aBiologia Vegetal
650 _aReproducao Vegetal
909 _a202309
_bLucia
_c55
_dLucia Elande
942 _cBK
999 _c51100
_d51100